Anatomy of a scientific discovery

Na minha lista:
Detalhes bibliográficos
Autor principal: Goldberg, Jeff
Formato: Livro
Idioma:Undetermined
Publicado em: New York Bantam book 1988
Assuntos:
Tags: Adicionar Tag
Sem tags, seja o primeiro a adicionar uma tag!
Thư viện lưu trữ: Trung tâm Học liệu Trường Đại học Cần Thơ
LEADER 00475nam a2200181Ia 4500
001 CTU_79970
008 210402s9999 xx 000 0 und d
082 |a 612.8 
082 |b G618 
100 |a Goldberg, Jeff 
245 0 |a Anatomy of a scientific discovery 
245 0 |c Jeff Goldberg 
260 |a New York 
260 |b Bantam book 
260 |c 1988 
650 |a Human physiology 
904 |i Trọng Hải 
980 |a Trung tâm Học liệu Trường Đại học Cần Thơ